000
00370nam a22001697a 4500
003
MPLRDC
005
20220104144007.0
008
210129b ||||| |||| 00| 0 eng d
082
_a
859.61 ZSHK
100
_a
不详
245
_a
服装
_c
260
_a
_b
MCGRAW-HILL
_c
300
_b
平
490
_a
儿童智识画库
650
_a
942
_c
BK
_o
859.61 ZSHK
999
_c
45338
_d
45328